Design The Whole Story (Record no. 13251)
[ view plain ]
| 000 -LEADER | |
|---|---|
| fixed length control field | 00268 a2200109 4500 |
| 008 - FIXED-LENGTH DATA ELEMENTS--GENERAL INFORMATION | |
| fixed length control field | 250417b ||||| |||| 00| 0 eng d |
| 020 ## - INTERNATIONAL STANDARD BOOK NUMBER | |
| International Standard Book Number | 9780500296875 |
| 100 ## - MAIN ENTRY--PERSONAL NAME | |
| Personal name | WILHIDE ELIZABETH |
| 245 ## - TITLE STATEMENT | |
| Title | Design The Whole Story |
| 260 ## - PUBLICATION, DISTRIBUTION, ETC. (IMPRINT) | |
| Name of publisher, distributor, etc | THAMES HUDSON |
| Date of publication, distribution, etc | 2022 |
| 942 ## - ADDED ENTRY ELEMENTS (KOHA) | |
| Source of classification or shelving scheme | |
| Withdrawn status | Lost status | Source of classification or shelving scheme | Damaged status | Koha normalized classification for sorting | Not for loan | Permanent location | Current location | Date acquired | Source of acquisition | Cost, normal purchase price | Full call number | Barcode | Date last seen | Cost, replacement price | Price effective from | Koha item type |
|---|---|---|---|---|---|---|---|---|---|---|---|---|---|---|---|---|
| 745_400000000000000 | BMS College of Architecture, Design and Planning | BMS College of Architecture, Design and Planning | 2025-04-25 | 1 | 2379.30 | 745.4 | AR-UG4703 | 2025-04-25 | 3172.40 | 2025-04-25 | B.Design |